000 01529nam a2200241Ia 4500
003 Ost
005 20260507074843.0
008 260507s9999||||xx |||||||||||||| ||und||
020 _a53460699319
040 _cfsecg
041 _aara
082 _a382
100 _aزايري، بلقاسم
_eمؤلف
245 0 _aالمالية والتجارة الدولية :
_bملخصات المحاضرات وتمارين منهجية /
_c بلقاسم زايري
260 _aالجزائر:
_bالنشر الجديد الجامعي,
_c2016
300 _a390 صفحة؛
_bإيضاحات ؛
_c24 سم
520 _aفي هذا الكتاب الفصل الاول : نظرية التجارة الدولية المؤشرات الاحصائية المرتبطة بالتجارة الدولية ، التخصص الدولي حسب النماذج الكلاسكية ، تحديث النظريات الكلاسكية (جانب العرض )، منحنيات السواء المجتمعية ، معدل التبادل الدولي ، نظرية هيكشر _أولين الانتاج ، النمو والتجارة الدولية الفصل الثاني السياسةات التجارية ونظرية التكامل الاقتصادي السياسة التجارية ،التكامل الاقتصادي
653 _aالاقتصاد الدولي
653 _aالتجارة الخارجية
653 _aالعلاقات الاقتصادية الدولية
653 _aالمالية الدولية
942 _cكتاب
999 _c41525
_d41525